000 01060nam a2200313 i 4500
003 EG-GICUC
005 20260417221913.0
008 260417s1967 ua ||||fr|||| 00| 0 ara d
040 _a EG-GICUC
_bara
_c EG-GICUC
_d EG-GICUC
_erda
041 _aara
082 0 4 _221
_a341.62
_bم ا . ا
092 0 4 _221
099 _aLaw1 11 341.62 م ا . ا 1967
100 1 _aماوتسى تونج
_eمؤلف.
245 _aاستراتيجية الحرب الثورية /
_cماوتسى تونج .
264 _aالقاهرة :
_bوزارة الثقافة ،
_c1967 .
300 _a141 ؛ صفحة
_c24 سم
336 _2rda content
_atext
337 _2rda media
_aComputer
338 _2rda carrier
_aOnline Resource
546 _aالنص باللغة العربية
650 1 _aالقانون الدولى
650 1 _aالقانون الحربى
650 1 _aالأسس العامة - قانون الحرب
651 1 _2qrmak
856 4 0 _uhttps://fll.law.cu.edu.eg/fulltext/bks/B11-10073.pdf
905 _a60
942 _2ddc
_cBK
_e21
_n0
999 _c71558
_d71558